[Event "XIV T. INT. AJEDREZ "]
[Site "Navalmoral de la Mata"]
[Date "2008.12.05"]
[Round "3.8"]
[White "Aranaz Murillo, Amalia"]
[Black "Vega Gomez, Francisco B"]
[Result "0-1"]
[WhiteElo "1989"]
[BlackElo "2194"]
[PlyCount "136"]
[EventDate "2008.12.04"]

1. Nf3 Nf6 2. c4 g6 3. Nc3 d5 4. Qa4+ c6 5. cxd5 Nxd5 6. Nxd5 Qxd5 7. e4 Qd8 8.
d4 Bg7 9. Be3 O-O 10. Be2 c5 11. Rd1 Bd7 12. Qa3 cxd4 13. Bxd4 Bxd4 14. Nxd4
Qb6 15. O-O e5 16. Nf3 Bg4 17. h3 Bxf3 18. Qxf3 Nc6 19. Bc4 Nd4 20. Qe3 Qxb2
21. Rb1 Qc2 22. Rfc1 Qa4 23. Bd5 Rad8 24. Rxb7 Rd7 25. Rxd7 Qxd7 26. Rb1 Rc8
27. Qg5 Qd6 28. h4 Kg7 29. h5 h6 30. Qg4 Rc7 31. hxg6 Qxg6 32. Qxg6+ Kxg6 33.
Rb8 Kf6 34. Rh8 Kg7 35. Re8 Rc1+ 36. Kh2 Kf6 37. Rh8 Kg7 38. Re8 Rc2 39. Kg3
Rc3+ 40. Kh2 Kf6 41. Rh8 Kg7 42. Re8 Rc2 43. Kg3 Kf6 44. Rh8 Kg7 45. Re8 Ne2+
46. Kf3 Kf6 47. Rh8 Nf4 48. g3 Rc3+ 49. Kg4 h5+ 50. Rxh5 Nxh5 51. Kxh5 Rf3 52.
Kg4 Rxf2 53. a4 a5 54. Bc6 Rc2 55. Bd5 Rc3 56. Kh4 Kg6 57. Kg4 Rd3 58. Bc6 Rd4
59. Kf3 Kg5 60. Bb5 Rb4 61. Bd7 Rd4 62. Bb5 f5 63. exf5 Kxf5 64. Bc6 e4+ 65.
Ke3 Rd3+ 66. Kf2 Rf3+ 67. Kg2 Ke5 68. g4 Kf4 0-1

[Event "XIV T. INT. AJEDREZ "]
[Site "Navalmoral de la Mata"]
[Date "2008.12.05"]
[Round "3.9"]
[White "Khamrakulov, Ibragim S"]
[Black "Cilleruelo Garcia, Jaime"]
[Result "1-0"]
[WhiteElo "2580"]
[BlackElo "2091"]
[PlyCount "45"]
[EventDate "2008.12.04"]

1. e4 e5 2. Nf3 Nf6 3. Nxe5 d6 4. Nf3 Nxe4 5. d4 d5 6. Bd3 Bd6 7. O-O O-O 8. c4
c6 9. Nc3 Nxc3 10. bxc3 Nd7 11. c5 Bc7 12. c4 h6 13. cxd5 cxd5 14. Qb3 Nf6 15.
h3 Re8 16. Be3 Ne4 17. Rfe1 f5 18. Ne5 Nxc5 19. dxc5 Bxe5 20. Rad1 Kh8 21. Bc4
f4 22. Rxd5 Qf6 23. Bd4 1-0

[Event "XIV T. INT. AJEDREZ "]
[Site "Navalmoral de la Mata"]
[Date "2008.12.05"]
[Round "3.10"]
[White "Larino Nieto, David"]
[Black "Rodriguez Lapetra, Pablo"]
[Result "1-0"]
[WhiteElo "2469"]
[BlackElo "1813"]
[PlyCount "87"]
[EventDate "2008.12.04"]

1. e4 c5 2. d3 Nc6 3. Nc3 g6 4. g3 Bg7 5. Bg2 d6 6. f4 e6 7. Nf3 Nge7 8. O-O
O-O 9. Be3 b6 10. Bf2 Ba6 11. Re1 Qd7 12. Qd2 d5 13. exd5 Nxd5 14. Nxd5 exd5
15. d4 c4 16. Ne5 Nxe5 17. dxe5 Bb7 18. Rad1 Rad8 19. Qe2 Rfe8 20. Rd4 Qe6 21.
Qf1 Bf8 22. c3 Qc6 23. Red1 Qa4 24. a3 Qb5 25. b4 Qa4 26. Ra1 Rd7 27. Bf3 Bg7
28. Bd1 Qc6 29. Bg4 Rde7 30. Bf3 Rd8 31. Rad1 Red7 32. R4d2 Qa4 33. Bd4 b5 34.
Qf2 Bc6 35. g4 Qa6 36. h4 Ba8 37. f5 gxf5 38. gxf5 Kh8 39. Qg3 Rg8 40. Rg2 Rdd8
41. Qg5 Qh6 42. Qxh6 Bxh6 43. e6+ Bg7 44. f6 1-0

[Event "XIV T. INT. AJEDREZ "]
[Site "Navalmoral de la Mata"]
[Date "2008.12.06"]
[Round "4.1"]
[White "Granda Zuniga, Julio E"]
[Black "Fedorchuk, Sergey A"]
[Result "1/2-1/2"]
[WhiteElo "2628"]
[BlackElo "2603"]
[PlyCount "160"]
[EventDate "2008.12.04"]

1. d4 Nf6 2. c4 e6 3. Nf3 b6 4. g3 Ba6 5. b3 Bb7 6. Bg2 Bb4+ 7. Bd2 a5 8. O-O
O-O 9. Re1 d6 10. Qc2 Be4 11. Qb2 Nbd7 12. a3 Bxd2 13. Nbxd2 Bb7 14. e4 e5 15.
d5 c6 16. b4 Qc7 17. Bf1 g6 18. Rec1 c5 19. bxa5 Rxa5 20. Bd3 Nh5 21. Rc3 Qd8
22. Qc2 Ng7 23. Nh4 Qg5 24. Ndf3 Qe7 25. Rb1 Rfa8 26. Qc1 Bc8 27. Ne1 Qf8 28.
Neg2 Qd8 29. Rcb3 R5a6 30. Bc2 Nf6 31. Qb2 Bh3 32. Ne1 Nd7 33. Qc1 Qf6 34. Bd1
h5 35. Nc2 Bg4 36. Bxg4 hxg4 37. Qd2 Ra4 38. Rc3 g5 39. Ng2 Qg6 40. Qe2 f5 41.
Nge3 Nf6 42. exf5 Nxf5 43. Nxf5 Qxf5 44. Rxb6 Qg6 45. Qf1 R4a6 46. Rcb3 Qh7 47.
Ne3 Kf8 48. Rb2 R6a7 49. R2b3 Rf7 50. Rb8+ Rxb8 51. Rxb8+ Kg7 52. Qb1 Qxb1+ 53.
Rxb1 Ne4 54. Nxg4 Nd2 55. Rc1 Ra7 56. Ne3 Kf6 57. Rd1 Nf3+ 58. Kg2 e4 59. Rb1
Rxa3 60. Rb8 Rc3 61. Re8 Ne5 62. Re6+ Kf7 63. Nf5 Nxc4 64. Rxe4 Kf6 65. Nxd6
Nxd6 66. Re6+ Kf5 67. Rxd6 Rd3 68. Rd8 c4 69. Rc8 c3 70. Kf1 Ke5 71. d6 Ke6 72.
Ke2 Rd2+ 73. Ke3 Rc2 74. Rc5 Kxd6 75. Rxg5 Rxf2 76. Rg6+ Kd5 77. Rg5+ Kd6 78.
Rg6+ Kd5 79. Rg5+ Kd6 80. Rg6+ Kd5 1/2-1/2

[Event "XIV T. INT. AJEDREZ "]
[Site "Navalmoral de la Mata"]
[Date "2008.12.06"]
[Round "4.2"]
[White "Epishin, Vladimir"]
[Black "Burmakin, Vladimir"]
[Result "1/2-1/2"]
[WhiteElo "2581"]
[BlackElo "2625"]
[PlyCount "32"]
[EventDate "2008.12.04"]

1. d4 d5 2. Nf3 c6 3. c4 Nf6 4. Qb3 e6 5. Bg5 Nbd7 6. Nc3 Be7 7. e3 h6 8. Bh4
O-O 9. Be2 a6 10. O-O Nh5 11. a4 Nhf6 12. a5 dxc4 13. Bxc4 c5 14. Rfd1 cxd4 15.
Nxd4 Nc5 16. Qc2 Re8 {(Ilegible)} 1/2-1/2

[Event "XIV T. INT. AJEDREZ "]
[Site "Navalmoral de la Mata"]
[Date "2008.12.06"]
[Round "4.3"]
[White "Korneev, Oleg"]
[Black "Perez Candelario, Manuel"]
[Result "1/2-1/2"]
[WhiteElo "2623"]
[BlackElo "2520"]
[PlyCount "176"]
[EventDate "2008.12.04"]

1. e4 c5 2. Nf3 d6 3. d4 cxd4 4. Nxd4 Nf6 5. Nc3 g6 6. Be3 Bg7 7. f3 O-O 8. Qd2
Nc6 9. O-O-O d5 10. Kb1 Nxd4 11. e5 Nf5 12. exf6 Bxf6 13. Nxd5 Qxd5 14. Qxd5
Nxe3 15. Qd2 Nxd1 16. Qxd1 Be6 17. Bb5 Rfd8 18. Qe2 a6 19. Bd3 Rd4 20. Re1 Rad8
21. Qf1 Rb4 22. b3 a5 23. Re4 Bf5 24. Rxb4 axb4 25. g4 Be6 26. h3 Bc3 27. f4
Bd5 28. Kc1 e5 29. fxe5 Re8 30. Kd1 Rxe5 31. Be2 Be4 32. Qf2 Rd5+ 33. Bd3 Bxd3
34. cxd3 Rxd3+ 35. Kc1 Rxh3 36. Qg2 Re3 37. Qxb7 Re1+ 38. Kc2 Re2+ 39. Kd3 Rxa2
40. Ke3 Kg7 41. Kf3 Rd2 42. Qe4 h6 43. Kg3 Rd1 44. Kg2 Rd6 45. Kf3 Ra6 46. Qd5
Rf6+ 47. Kg3 Rf1 48. Qe4 Re1 49. Qd5 Re3+ 50. Kf2 Re5 51. Qc4 Re6 52. Qd5 Rf6+
53. Kg2 Rf4 54. Kg3 g5 55. Kh3 Bf6 56. Kg3 Rd4 57. Qb5 Re4 58. Kf3 Rf4+ 59. Kg3
Bc3 60. Qd5 Rf1 61. Kg2 Re1 62. Kf2 Re5 63. Qc4 Re6 64. Qd5 Be5 65. Kg2 Bd6 66.
Qd4+ Kg8 67. Kf2 Bf8 68. Qd5 Rd6 69. Qc4 Rd2+ 70. Ke3 Rh2 71. Qd5 Rh3+ 72. Kf2
Rc3 73. Kg2 Bc5 74. Qd8+ Kg7 75. Qd5 Rc2+ 76. Kf3 Rc3+ 77. Kg2 Be7 78. Qb5 Kg8
79. Qe5 Bf8 80. Qd5 Rc2+ 81. Kf3 Rc5 82. Qd1 Re5 83. Qd4 Rc5 84. Qd1 Be7 85.
Qd7 Rc3+ 86. Kg2 Rc2+ 87. Kf3 Rc3+ 88. Kg2 Rc2+ 1/2-1/2

[Event "XIV T. INT. AJEDREZ "]
[Site "Navalmoral de la Mata"]
[Date "2008.12.06"]
[Round "4.4"]
[White "Vega Gomez, Francisco B"]
[Black "Campora Sivori, Daniel H"]
[Result "0-1"]
[WhiteElo "2194"]
[BlackElo "2537"]
[PlyCount "86"]
[EventDate "2008.12.04"]

1. Nf3 d5 2. d4 Nf6 3. c4 c6 4. e3 Bg4 5. Nc3 e6 6. Qb3 Qb6 7. Ne5 Nbd7 8. Qxb6
axb6 9. Nxg4 Nxg4 10. f3 Ngf6 11. Bd2 Be7 12. O-O-O O-O 13. Kb1 Rfd8 14. Bd3
dxc4 15. Bxc4 b5 16. Bb3 Nb6 17. Bc1 Nc4 18. Rhe1 Na5 19. Bc2 b4 20. Ne4 Nd5
21. Nd2 b6 22. Nb3 Nb7 23. e4 Nc7 24. Bf4 Bd6 25. Bxd6 Rxd6 26. e5 Rd7 27. Be4
Nd5 28. Rc1 Nd8 29. Rc4 b5 30. Rc2 Ne7 31. Re3 f5 32. exf6 gxf6 33. f4 Rd6 34.
g3 Ra7 35. Rd2 Kg7 36. Re1 h6 37. Rc1 Kf7 38. Re2 Nb7 39. Rce1 Nd8 40. Rc1 Nc8
41. h4 f5 42. Bf3 Kf8 43. g4 fxg4 {(Ilegible)} 0-1

[Event "XIV T. INT. AJEDREZ "]
[Site "Navalmoral de la Mata"]
[Date "2008.12.06"]
[Round "4.5"]
[White "Cabezas Ayala, Ivan"]
[Black "Khamrakulov, Ibragim S"]
[Result "0-1"]
[WhiteElo "2374"]
[BlackElo "2580"]
[PlyCount "58"]
[EventDate "2008.12.04"]

1. e4 e6 2. d4 d5 3. Nc3 dxe4 4. Nxe4 Nd7 5. Nf3 Ngf6 6. Nxf6+ Nxf6 7. c3 c5 8.
Ne5 Bd6 9. Bb5+ Ke7 10. O-O a6 11. Ba4 Qc7 12. Re1 b5 13. Bb3 h6 14. Qf3 Bb7
15. Qg3 Rag8 16. f4 Be4 17. a4 Qb7 18. axb5 axb5 19. Be3 c4 20. d5 Ra8 21. Qxg7
Rh7 22. Nc6+ Qxc6 23. dxc6 Rxg7 24. Rxa8 Rxg2+ 25. Kf1 Ng4 26. Bg1 Bxc6 27. Ra6
Bd5 28. Bd1 Nxh2+ 29. Bxh2 Rxh2 0-1

[Event "XIV T. INT. AJEDREZ "]
[Site "Navalmoral de la Mata"]
[Date "2008.12.06"]
[Round "4.6"]
[White "Figuero Toro, Julian Francisco"]
[Black "Rusev, Krasimir"]
[Result "0-1"]
[WhiteElo "2227"]
[BlackElo "2541"]
[PlyCount "50"]
[EventDate "2008.12.04"]

1. e4 c5 2. Nf3 d6 3. d4 Nf6 4. Nc3 cxd4 5. Nxd4 Nc6 6. h3 g6 7. g4 Bg7 8. Nde2
O-O 9. Bg2 Rb8 10. Be3 b5 11. O-O b4 12. Nd5 Nd7 13. Nd4 Bxd4 14. Bxd4 e6 15.
Be3 exd5 16. exd5 Ne7 17. Qd4 Re8 18. Rfe1 a5 19. Bh6 f6 20. Re6 Ne5 21. Rxf6
Nf5 22. Rxf5 gxf5 23. f4 Qf6 24. fxe5 Qxh6 25. e6 fxg4 0-1

[Event "XIV T. INT. AJEDREZ "]
[Site "Navalmoral de la Mata"]
[Date "2008.12.06"]
[Round "4.7"]
[White "Del Rio De Angelis, Salvador G"]
[Black "Guerra Tulcan, Lenin"]
[Result "1-0"]
[WhiteElo "2531"]
[BlackElo "2304"]
[PlyCount "129"]
[EventDate "2008.12.04"]

1. d4 Nf6 2. c4 e6 3. Nc3 Bb4 4. e3 O-O 5. Nge2 d5 6. cxd5 exd5 7. g3 Nc6 8.
Bg2 Ne7 9. O-O c6 10. f3 c5 11. a3 cxd4 12. exd4 Ba5 13. Bg5 Qd6 14. b4 Bb6 15.
Na4 Ng6 16. Nec3 Rd8 17. Rc1 a6 18. Nxb6 Qxb6 19. f4 Ne7 20. Re1 Bg4 21. Qd2
Qd6 22. Qe3 Be6 23. Qe5 Nc6 24. Qxd6 Rxd6 25. Bxf6 gxf6 26. Red1 Rad8 27. Na4
Bf5 28. Nc5 Rb8 29. Bf3 Kg7 30. Kf2 Be4 31. Bxe4 dxe4 32. d5 Ne7 33. Nxe4 Rxd5
34. Rxd5 Nxd5 35. Nd6 b5 36. Rc5 Ne7 37. Rc7 Rd8 38. Nb7 Re8 39. Nc5 Nd5 40.
Rc6 Ne3 41. Rxa6 Ng4+ 42. Kg2 h5 43. h3 Ne3+ 44. Kf3 Nc2 45. Kf2 Nd4 46. Rd6
Nc2 47. Nd7 Nxa3 48. Nxf6 Re6 49. Nxh5+ Kg6 50. Rd5 Re4 51. Rg5+ Kh6 52. Rf5
Rxb4 53. Rf6+ Kh7 54. Rxf7+ Kg8 55. Rb7 Nc4 56. g4 Nd6 57. Rb6 Ne8 58. g5 Ng7
59. Nxg7 Kxg7 60. Kg3 Rb1 61. Kg4 b4 62. Rb7+ Kg8 63. Kf5 b3 64. Kg6 Kf8 65. f5
1-0

[Event "XIV T. INT. AJEDREZ "]
[Site "Navalmoral de la Mata"]
[Date "2008.12.06"]
[Round "4.8"]
[White "Rizouk, Aimen"]
[Black "Andrada Andrada, Luis Javier"]
[Result "1-0"]
[WhiteElo "2507"]
[BlackElo "2260"]
[PlyCount "131"]
[EventDate "2008.12.04"]

1. e4 c5 2. Nf3 d6 3. d4 cxd4 4. Nxd4 Nf6 5. Nc3 g6 6. Be2 Bg7 7. O-O Nc6 8.
Nb3 O-O 9. Re1 Be6 10. Bg5 Rc8 11. Bf1 a6 12. Nd5 Bxd5 13. exd5 Ne5 14. c3 Re8
15. a4 Qc7 16. a5 Nc4 17. Bc1 e6 18. dxe6 fxe6 19. Ra4 Ne5 20. Nd4 Qf7 21. Ra1
Nc6 22. Nf3 d5 23. Be3 Ng4 24. Bb6 Nce5 25. Nxe5 Nxe5 26. Ra4 Nc6 27. g3 Ne7
28. Rf4 Bf6 29. Bh3 Nf5 30. Kh1 Bg5 31. Rf3 Qd7 32. Kg1 Bd8 33. Bxd8 Rcxd8 34.
Rd3 Qc7 35. Qa4 Re7 36. Bxf5 gxf5 37. Qh4 Rde8 38. Qg5+ Rg7 39. Qd2 Qxa5 40.
Rxd5 Qxd5 41. Qxd5 exd5 42. Rxe8+ Kf7 43. Re5 d4 44. Rxf5+ Ke6 45. Rf3 dxc3 46.
Rxc3 Kd5 47. Kg2 a5 48. f4 b5 49. Kf3 a4 50. Rc8 Rb7 51. f5 b4 52. Kf4 a3 53.
bxa3 b3 54. Rc1 b2 55. Rb1 Kd4 56. f6 Kd5 57. Kf5 Kd6 58. Rd1+ Kc5 59. Rb1 Kd6
60. a4 Rb3 61. g4 Rf3+ 62. Kg5 Rf2 63. h4 Kc5 64. Kh5 Kc4 65. g5 Kc3 66. Kh6
1-0

[Event "XIV T. INT. AJEDREZ "]
[Site "Navalmoral de la Mata"]
[Date "2008.12.06"]
[Round "4.9"]
[White "Garcia-Ortega Mendez, Jose M"]
[Black "Larino Nieto, David"]
[Result "1/2-1/2"]
[WhiteElo "2223"]
[BlackElo "2469"]
[PlyCount "60"]
[EventDate "2008.12.04"]

1. Nf3 c5 2. e4 d6 3. Bb5+ Bd7 4. Bxd7+ Qxd7 5. c4 Nc6 6. d4 cxd4 7. Nxd4 g6 8.
Nc3 Bg7 9. Be3 Rc8 10. b3 Nf6 11. f3 O-O 12. O-O e6 13. Rc1 Rfd8 14. Qd2 Ne7
15. Rfe1 d5 16. cxd5 exd5 17. e5 Ne8 18. Bg5 Nc7 19. f4 Ne6 20. Bxe7 Qxe7 21.
Nxd5 Qf8 22. Rxc8 Rxc8 23. Nxe6 fxe6 24. Nf6+ Bxf6 25. exf6 Qxf6 26. Qd7 Rc6
27. Qxb7 Qd4+ 28. Kh1 Qe3 29. Qb8+ Kf7 30. Qb4 Rc1 1/2-1/2

[Event "XIV T. INT. AJEDREZ "]
[Site "Navalmoral de la Mata"]
[Date "2008.12.06"]
[Round "4.10"]
[White "Carrasco Martinez, Juan M"]
[Black "Molina, Jorge"]
[Result "1-0"]
[WhiteElo "2434"]
[BlackElo "2124"]
[PlyCount "73"]
[EventDate "2008.12.04"]

1. d4 Nf6 2. Nf3 c5 3. e3 d5 4. b3 Nc6 5. Bb2 Bg4 6. Be2 e6 7. O-O Be7 8. Nbd2
O-O 9. c4 cxd4 10. Nxd4 Bxe2 11. Qxe2 Qa5 12. Nxc6 bxc6 13. Nf3 Rac8 14. Rfc1
Ne4 15. Rc2 Ba3 16. Bxa3 Qxa3 17. Rac1 Nd6 18. cxd5 cxd5 19. Rxc8 Rxc8 20.
Rxc8+ Nxc8 21. Qc2 Nd6 22. Qc7 h6 23. h3 Ne8 24. Qc8 Kf8 25. Qc2 Qd6 26. Nd4
Qc7 27. Nc6 Kg8 28. b4 Kh8 29. Qc5 Nf6 30. Nxa7 Qe5 31. Qc8+ Kh7 32. Qc2+ g6
33. Nc6 Qa1+ 34. Kh2 Ne4 35. Qe2 Nc3 36. Qf3 Kg7 37. Nd8 1-0

[Event "XIV T. INT. AJEDREZ "]
[Site "Navalmoral de la Mata"]
[Date "2008.12.06"]
[Round "5.1"]
[White "Burmakin, Vladimir"]
[Black "Granda Zuniga, Julio E"]
[Result "1-0"]
[WhiteElo "2625"]
[BlackElo "2628"]
[PlyCount "95"]
[EventDate "2008.12.04"]

1. d4 Nf6 2. c4 e6 3. Nf3 b6 4. g3 Ba6 5. b3 d5 6. cxd5 exd5 7. Bg2 Bd6 8. O-O
O-O 9. Bb2 Re8 10. Nc3 Nbd7 11. Re1 Bb7 12. Rc1 a6 13. e3 Qe7 14. Ne2 Ne4 15.
Nf4 Ndf6 16. Ne5 Qf8 17. Nc6 g6 18. Rc2 Qh6 19. Ba1 g5 20. Nd3 g4 21. Nce5 Qg7
22. f3 gxf3 23. Qxf3 Ng5 24. Qd1 Nfe4 25. Nf4 f6 26. Ned3 Kh8 27. Rf1 Qe7 28.
Qh5 Rg8 29. Nf2 Qg7 30. Ng4 f5 31. Ne5 h6 32. Nfg6+ Kh7 33. Rxf5 Bxe5 34. Nxe5
Raf8 35. Rf4 Ne6 36. Rf7 Rxf7 37. Qxf7 Qxf7 38. Nxf7 Rf8 39. Ne5 c5 40. Bb2 Bc8
41. h4 Nxg3 42. Bxd5 Nc7 43. Bg2 Bf5 44. Rf2 Rg8 45. dxc5 bxc5 46. Kh2 Be4 47.
Nd3 Bd5 48. Nxc5 1-0

[Event "XIV T. INT. AJEDREZ "]
[Site "Navalmoral de la Mata"]
[Date "2008.12.06"]
[Round "5.2"]
[White "Fedorchuk, Sergey A"]
[Black "Epishin, Vladimir"]
[Result "1/2-1/2"]
[WhiteElo "2603"]
[BlackElo "2581"]
[PlyCount "23"]
[EventDate "2008.12.04"]

1. e4 c6 2. d4 d5 3. Nd2 dxe4 4. Nxe4 Bf5 5. Ng3 Bg6 6. N1e2 e6 7. Nf4 Bd6 8.
c3 Nf6 9. h4 O-O 10. h5 Bf5 11. Nxf5 exf5 12. Bc4 {(Ilegible)} 1/2-1/2

[Event "XIV T. INT. AJEDREZ "]
[Site "Navalmoral de la Mata"]
[Date "2008.12.06"]
[Round "5.3"]
[White "Campora Sivori, Daniel H"]
[Black "Rusev, Krasimir"]
[Result "1/2-1/2"]
[WhiteElo "2537"]
[BlackElo "2541"]
[PlyCount "44"]
[EventDate "2008.12.04"]

1. e4 e6 2. d4 d5 3. Nc3 Bb4 4. Nge2 Nc6 5. e5 f6 6. f4 Nh6 7. a3 Ba5 8. b4 Bb6
9. Na4 Bd7 10. c3 O-O 11. Nxb6 axb6 12. Ng3 Be8 13. Be2 fxe5 14. fxe5 Qh4 15.
Bxh6 Qxh6 16. Qd2 Qh4 17. Bf3 Ne7 18. O-O c5 19. Ne2 Bb5 20. g3 Qh6 21. Qxh6
gxh6 22. Bg4 Bxe2 1/2-1/2

[Event "XIV T. INT. AJEDREZ "]
[Site "Navalmoral de la Mata"]
[Date "2008.12.06"]
[Round "5.4"]
[White "Milchev, Nikolay"]
[Black "Korneev, Oleg"]
[Result "1/2-1/2"]
[WhiteElo "2362"]
[BlackElo "2623"]
[PlyCount "52"]
[EventDate "2008.12.04"]

1. d4 d5 2. Nf3 Nf6 3. e3 Bg4 4. h3 Bxf3 5. Qxf3 e6 6. Nd2 c5 7. c3 Nc6 8. g4
Bd6 9. Qg2 O-O 10. Bd3 Re8 11. O-O e5 12. dxc5 Bxc5 13. e4 Bb6 14. Qf3 d4 15.
Nb3 Rc8 16. g5 Nd7 17. Bc4 Qe7 18. Bd5 Bc7 19. Qg2 dxc3 20. bxc3 Nb6 21. Be3
Nxd5 22. exd5 Na5 23. Qe4 b5 24. Qb4 Qd8 25. d6 Bb6 26. Nxa5 Bxa5 1/2-1/2

[Event "XIV T. INT. AJEDREZ "]
[Site "Navalmoral de la Mata"]
[Date "2008.12.06"]
[Round "5.5"]
[White "Khamrakulov, Ibragim S"]
[Black "Rizouk, Aimen"]
[Result "1/2-1/2"]
[WhiteElo "2580"]
[BlackElo "2507"]
[PlyCount "67"]
[EventDate "2008.12.04"]

1. e4 e5 2. Nf3 Nc6 3. Bc4 Bc5 4. O-O Nf6 5. d3 a6 6. c3 Ba7 7. h3 d6 8. Bb3 h6
9. Be3 g5 10. Nh2 Rg8 11. Nd2 Qe7 12. Bxa7 Nxa7 13. Nc4 g4 14. h4 Be6 15. Ne3
O-O-O 16. g3 h5 17. Re1 Kb8 18. Nhf1 c6 19. Nd2 Rge8 20. a4 d5 21. exd5 cxd5
22. d4 exd4 23. Nf5 Qc7 24. Nxd4 Nc6 25. Nxc6+ Qxc6 26. Qe2 Bf5 27. Qf1 Ne4 28.
Nxe4 Bxe4 29. a5 Qc7 30. Re3 f5 31. Ra4 f4 32. gxf4 Qxf4 33. Qe1 Rf8 34. Rd4 {
(Ilegible)} 1/2-1/2

[Event "XIV T. INT. AJEDREZ "]
[Site "Navalmoral de la Mata"]
[Date "2008.12.06"]
[Round "5.6"]
[White "Komljenovic, Davorin"]
[Black "Del Rio De Angelis, Salvador G"]
[Result "1/2-1/2"]
[WhiteElo "2428"]
[BlackElo "2531"]
[PlyCount "37"]
[EventDate "2008.12.04"]

1. d4 g6 2. c4 Bg7 3. e4 d6 4. Nc3 e5 5. Nf3 Nc6 6. d5 Nce7 7. g3 h6 8. Bg2 f5
9. exf5 Nxf5 10. Ne4 Nf6 11. Nxf6+ Qxf6 12. Nd2 O-O 13. Ne4 Qf7 14. O-O g5 15.
c5 Qg6 16. cxd6 cxd6 17. Bd2 Bd7 18. a4 Rac8 19. Qb3 1/2-1/2

[Event "XIV T. INT. AJEDREZ "]
[Site "Navalmoral de la Mata"]
[Date "2008.12.06"]
[Round "5.7"]
[White "Perez Candelario, Manuel"]
[Black "Carrasco Martinez, Juan M"]
[Result "1/2-1/2"]
[WhiteElo "2520"]
[BlackElo "2434"]
[PlyCount "24"]
[EventDate "2008.12.04"]

1. d4 Nf6 2. Nf3 c5 3. c3 cxd4 4. cxd4 d5 5. Nc3 Nc6 6. Bf4 a6 7. Rc1 Ne4 8. a3
e6 9. e3 Bd6 10. Bxd6 Nxc3 11. Rxc3 Qxd6 12. Bd3 f5 1/2-1/2

[Event "XIV T. INT. AJEDREZ "]
[Site "Navalmoral de la Mata"]
[Date "2008.12.06"]
[Round "5.8"]
[White "Larino Nieto, David"]
[Black "Vega Gomez, Francisco B"]
[Result "0-1"]
[WhiteElo "2469"]
[BlackElo "2194"]
[PlyCount "113"]
[EventDate "2008.12.04"]

1. e4 d5 2. exd5 Qxd5 3. Nc3 Qe5+ 4. Be2 c6 5. Nf3 Qc7 6. Bc4 Nf6 7. a4 Bg4 8.
h3 Bh5 9. d4 e6 10. Qe2 Bb4 11. O-O O-O 12. Bd2 a5 13. Ne4 Nxe4 14. Bxb4 Bxf3
15. Qxf3 Ng5 16. Qg4 Nxh3+ 17. Qxh3 axb4 18. Bd3 g6 19. Qh6 Ra5 20. g4 Rd8 21.
c3 bxc3 22. bxc3 Nd7 23. Kg2 Rda8 24. Bc2 b5 25. f4 bxa4 26. f5 exf5 27. gxf5
Qd6 28. Rf3 Qf6 29. Re1 Qg7 30. Qf4 g5 31. Qd6 g4 32. Rfe3 Nf6 33. Re7 Qg5 34.
R1e2 h5 35. Bd3 Rf8 36. c4 Raa8 37. Qxc6 a3 38. Bb1 h4 39. Qd6 a2 40. Bxa2 Qxf5
41. R7e3 h3+ 42. Kg3 Rfe8 43. Re5 Rxe5 44. Qxe5 Qf3+ 45. Kh4 Kh7 46. Bb1+ Kh8
47. Be4 Qf1 48. Bd3 Qf3 49. d5 Re8 50. Qd4 Rxe2 51. Bxe2 Qf5 52. Bd3 Qh5+ 53.
Kg3 Kg7 54. Be4 h2 55. Qa1 Qh3+ 56. Kf4 g3 57. Bf5 0-1

[Event "XIV T. INT. AJEDREZ "]
[Site "Navalmoral de la Mata"]
[Date "2008.12.06"]
[Round "5.9"]
[White "Penillas Mendez, Ismael"]
[Black "Cabezas Ayala, Ivan"]
[Result "0-1"]
[WhiteElo "2152"]
[BlackElo "2374"]
[PlyCount "90"]
[EventDate "2008.12.04"]

1. e4 e5 2. Nf3 Nc6 3. Bb5 Nf6 4. O-O Nxe4 5. d4 Nd6 6. Bxc6 dxc6 7. dxe5 Nf5
8. Qxd8+ Kxd8 9. Rd1+ Ke8 10. Nc3 Ne7 11. Nd4 Ng6 12. Bg5 Bd7 13. Re1 h6 14.
Be3 Bb4 15. f4 Bxc3 16. bxc3 c5 17. Ne2 b6 18. Ng3 Ne7 19. Rad1 Be6 20. Rd2 Rd8
21. Rf2 Nf5 22. Nh5 Ke7 23. h3 Bxa2 24. g4 Nxe3 25. Rxe3 Rd1+ 26. Kh2 g6 27.
Ng3 Rhd8 28. e6 R1d2 29. Ree2 Rxe2 30. Rxe2 Bc4 31. Re3 Rd2+ 32. Kg1 Rd1+ 33.
Kf2 fxe6 34. f5 Kf6 35. fxg6 Kxg6 36. Re4 Bd5 37. Rf4 Rd2+ 38. Ke3 Rxc2 39. h4
Rxc3+ 40. Kf2 Rc4 41. Ke3 Rxf4 42. Kxf4 a5 43. Ne2 a4 44. Ke5 a3 45. Nf4+ Kf7
0-1

[Event "XIV T. INT. AJEDREZ "]
[Site "Navalmoral de la Mata"]
[Date "2008.12.06"]
[Round "5.10"]
[White "Aranaz Murillo, Amalia"]
[Black "Garcia-Ortega Mendez, Jose M"]
[Result "0-1"]
[WhiteElo "1989"]
[BlackElo "2223"]
[PlyCount "76"]
[EventDate "2008.12.04"]

1. Nf3 Nf6 2. c4 e6 3. Nc3 Bb4 4. g4 h6 5. Rg1 Bxc3 6. dxc3 d5 7. cxd5 Qxd5 8.
Qc2 Qe4 9. Qxe4 Nxe4 10. Be3 b6 11. O-O-O Bb7 12. Bg2 Nd7 13. Nd2 Nd6 14. Bxb7
Nxb7 15. Ne4 Ke7 16. h4 Nd6 17. Nxd6 cxd6 18. h5 Nf6 19. Rg2 e5 20. f4 Rad8 21.
Kc2 exf4 22. Bxf4 Ke6 23. e3 d5 24. Rd4 Rd7 25. a4 Ne4 26. Rg1 Rc8 27. Kd3 Rb7
28. Ke2 Rc4 29. Rgd1 Rxd4 30. Rxd4 Nc5 31. Bg3 b5 32. Rb4 bxa4 33. Rxb7 Nxb7
34. Kd3 Na5 35. Kc2 g6 36. Bf4 g5 37. Bb8 a6 38. Ba7 f5 0-1

[Event "XIV T. INT. AJEDREZ "]
[Site "Navalmoral de la Mata"]
[Date "2008.12.07"]
[Round "6.1"]
[White "Fedorchuk, Sergey A"]
[Black "Burmakin, Vladimir"]
[Result "1-0"]
[WhiteElo "2603"]
[BlackElo "2625"]
[PlyCount "33"]
[EventDate "2008.12.04"]

1. e4 c6 2. d4 d5 3. Nd2 h6 4. Ngf3 Bg4 5. Bd3 e6 6. c3 Nd7 7. h3 Bxf3 8. Nxf3
dxe4 9. Bxe4 Ngf6 10. Bc2 Bd6 11. Qe2 Qc7 12. O-O O-O 13. Re1 c5 14. dxc5 Bxc5
15. Bd2 Rfd8 16. Rad1 Bb6 17. Ne5 {(Ilegible)} 1-0

[Event "XIV T. INT. AJEDREZ "]
[Site "Navalmoral de la Mata"]
[Date "2008.12.07"]
[Round "6.3"]
[White "Granda Zuniga, Julio E"]
[Black "Rizouk, Aimen"]
[Result "1-0"]
[WhiteElo "2628"]
[BlackElo "2507"]
[PlyCount "71"]
[EventDate "2008.12.04"]

1. Nf3 Nf6 2. c4 e6 3. g3 d5 4. Bg2 Be7 5. O-O O-O 6. d4 dxc4 7. Qc2 a6 8. Qxc4
b5 9. Qc2 Bb7 10. Bd2 Ra7 11. Rd1 Be4 12. Qc1 Ba8 13. a3 Nc6 14. Nc3 Na5 15.
Qc2 Nc4 16. Bg5 Qc8 17. e4 c5 18. e5 Bxf3 19. Bxf3 cxd4 20. exf6 gxf6 21. Bf4
Ne5 22. Be4 dxc3 23. Bxh7+ Kg7 24. bxc3 Ng6 25. Bxg6 fxg6 26. Qe4 Rd7 27. a4
Rxd1+ 28. Rxd1 Rd8 29. Rb1 Rd5 30. axb5 axb5 31. h4 Kf7 32. Re1 Qd7 33. Kh2 Rd1
34. h5 f5 35. hxg6+ Kxg6 36. Rxd1 1-0

[Event "XIV T. INT. AJEDREZ "]
[Site "Navalmoral de la Mata"]
[Date "2008.12.07"]
[Round "6.4"]
[White "Korneev, Oleg"]
[Black "Carrasco Martinez, Juan M"]
[Result "1-0"]
[WhiteElo "2623"]
[BlackElo "2434"]
[PlyCount "77"]
[EventDate "2008.12.04"]

1. e4 c5 2. Nf3 Nc6 3. d4 cxd4 4. Nxd4 g6 5. Nc3 Bg7 6. Be3 Nf6 7. Bc4 O-O 8.
Bb3 d6 9. f3 Bd7 10. Qd2 Nxd4 11. Bxd4 b5 12. O-O a5 13. a4 b4 14. Nd5 Nxd5 15.
Bxg7 Kxg7 16. exd5 Qb6+ 17. Kh1 Ra7 18. Rae1 Bf5 19. g4 Bc8 20. Re3 Rc7 21. Kg2
Ba6 22. Rfe1 Qa7 23. Re4 f5 24. Rf4 Bc8 25. g5 Ba6 26. Rd4 Rc5 27. Qe3 Rf7 28.
h4 Qc7 29. h5 gxh5 30. Rh4 Kf8 31. Rxh5 Rxc2+ 32. Bxc2 Qxc2+ 33. Qf2 Qd3 34. g6
f4 35. Re4 hxg6 36. Rh8+ Kg7 37. Ra8 Bb7 38. Rxa5 Bxd5 39. Qd4+ 1-0